000 00649nam a2200241Ia 4500
003 OSt
005 20221007101441.0
006 a|||||r|||| 00| 0
007 ta
008 221006b |||||||| |||| 00| 0 eng d
024 _a6,487
037 _cTextual
040 _aLCO
_cLCO
_beng
041 _2eng
_aeng
082 _aX:93qN36, L4
100 _aMUKHERJEE B K
_9684697
245 0 _aLaw relating to the Payment of Wages Act,
260 _aCalcutta
_bEastern Law House
_c1974
300 _a236
650 _aPAYMENT OF WAGES ACT
_9702548
942 _hX:93qN36, L4
_cTEXL
999 _c1176050
_d1176050